Le bon mot pour la bonne rétribution - Statistiques

Statistiques générales
  • Ce quiz a été pris 60 fois
  • Le résultat moyen est 4 sur 16
Statistiques - réponses
Qui ??? Quoi ??? % Correct
Salarié Salaire
98%
Garçon de café Pourboire
60%
Militaire Solde
48%
Avocat Honoraires
45%
Artiste Cachet
31%
Courtier Commission
28%
Domestique Gages
21%
Elu Indemnités
16%
Stagiaire Gratification
12%
Fonctionnaire Traitement
12%
Officier ministériel Emoluments
7%
Employé de bureau Appointements
3%
Expert Vacation
2%
Doctorant Allocations de recherche
0%
Employé de commerce Guelte
0%
Liste civile Souverain
0%
Aucun quiz correspondant
Distribution des résultats
% des personnes avec chaque résultat
Percentile par nombre de réponses
Votre historique - résultats
Vous n’avez pas pris ce quiz